<?xml version="1.0" encoding="UTF-8"?>
<record
    xmlns:xsi="http://www.w3.org/2001/XMLSchema-instance"
    xsi:schemaLocation="http://www.loc.gov/MARC21/slim http://www.loc.gov/standards/marcxml/schema/MARC21slim.xsd"
    xmlns="http://www.loc.gov/MARC21/slim">

  <leader>01249nam a22002537a 4500</leader>
  <controlfield tag="005">20081106145440.0</controlfield>
  <controlfield tag="008">081106t        xxu||||| |||| 00| 0 ur d</controlfield>
  <datafield tag="010" ind1=" " ind2=" ">
    <subfield code="a">UR-7436</subfield>
  </datafield>
  <datafield tag="020" ind1=" " ind2=" ">
    <subfield code="a">8182233194</subfield>
    <subfield code="c">150.00</subfield>
  </datafield>
  <datafield tag="035" ind1=" " ind2=" ">
    <subfield code="a">U-5991</subfield>
  </datafield>
  <datafield tag="037" ind1=" " ind2=" ">
    <subfield code="b">D.B.Act / Pub</subfield>
  </datafield>
  <datafield tag="082" ind1=" " ind2=" ">
    <subfield code="a">841.08</subfield>
  </datafield>
  <datafield tag="100" ind1=" " ind2=" ">
    <subfield code="a">&#x627;&#x645;&#x62A;&#x64A;&#x627;&#x632; &#x639;&#x644;&#x6CC; &#x639;&#x631; &#x634;&#x6CC;</subfield>
  </datafield>
  <datafield tag="245" ind1=" " ind2=" ">
    <subfield code="a">&#x642;&#x627; &#x622;&#x646;&#x6CC;&#x621; &#x6C1;&#x646;&#x62F; &#x622;&#x635;&#x641;&#x6CC; &#x631;&#x627;&#x645; &#x67E;&#x648;&#x631;&#x6CC;:&#x634;&#x62E;&#x635;&#x64A;&#x62A; &#x627;&#x648;&#x631; &#x634;&#x627; &#x639;&#x631;&#x6CC;</subfield>
    <subfield code="c">&#x645;&#x631;&#x62A;&#x628;&#x6C1; :&#x627;&#x62E;&#x644;&#x627;&#x642; &#x627;&#x62D;&#x645;&#x62F; &#x622;&#x6C1;&#x646;</subfield>
    <subfield code="b">&#x634;&#x62E;&#x635;&#x64A;&#x62A; &#x627;&#x648;&#x631; &#x634;&#x627;&#x639;&#x631;&#x6CC;</subfield>
  </datafield>
  <datafield tag="246" ind1=" " ind2=" ">
    <subfield code="a">Qa"ani-e-Hind Asefi Rampuri;Shakhsiat aur Shairi</subfield>
    <subfield code="b"> by Imteyaz  Ali Arshi :edited by A khlaque Ahmad Ahan</subfield>
  </datafield>
  <datafield tag="260" ind1=" " ind2=" ">
    <subfield code="a">&#x62F;&#x6BE;&#x644;&#x6CC;</subfield>
    <subfield code="b">&#x627;&#x64A;&#x62C;&#x648; &#x6A9;&#x64A;&#x634;&#x646;&#x644;  &#x67E;&#x628;&#x644;&#x64A;&#x634;&#x646;&#x6AF; &#x6C1;&#x627; &#x624;&#x633;</subfield>
    <subfield code="c">2007</subfield>
  </datafield>
  <datafield tag="270" ind1=" " ind2=" ">
    <subfield code="a">3108&#x60C;&#x648;&#x6A9;&#x64A;&#x644; &#x627;&#x633;&#x679;&#x631; &#x64A;&#x679; &#x6A9;&#x648; &#x686;&#x6C1; &#x67E;&#x646;&#x688; &#x62A; &#x644;&#x627;&#x644; &#x6A9;&#x646;&#x648; &#x627;&#x6BA;</subfield>
    <subfield code="b">&#x62F;&#x6BE;&#x644;&#x6CC;</subfield>
    <subfield code="e">110006</subfield>
    <subfield code="k">23216162</subfield>
    <subfield code="l">009101123211540</subfield>
    <subfield code="m">info@phbooks.com,ephdelhi@yahoo.com</subfield>
  </datafield>
  <datafield tag="300" ind1=" " ind2=" ">
    <subfield code="a">184p.</subfield>
    <subfield code="c">22 cm (Pbk)</subfield>
  </datafield>
  <datafield tag="650" ind1=" " ind2=" ">
    <subfield code="a"> Critical Poetry</subfield>
  </datafield>
  <datafield tag="650" ind1=" " ind2=" ">
    <subfield code="a">&#x62A;&#x646;&#x642;&#x64A;&#x62F;&#x6CC; &#x634;&#x627; &#x639;&#x631;&#x6CC;</subfield>
  </datafield>
  <datafield tag="700" ind1=" " ind2=" ">
    <subfield code="a">&#x645;&#x631;&#x62A;&#x628;&#x6C1; &#x627;&#x62E;&#x644;&#x627;&#x642; &#x627;&#x62D;&#x645;&#x62F; &#x622;&#x6C1;&#x646;</subfield>
  </datafield>
  <datafield tag="942" ind1=" " ind2=" ">
    <subfield code="a">dpl</subfield>
    <subfield code="c">UR</subfield>
    <subfield code="2">ddc</subfield>
    <subfield code="h">841.08</subfield>
    <subfield code="m">&#x627; &#x645; &#x62A;</subfield>
  </datafield>
  <datafield tag="999" ind1=" " ind2=" ">
    <subfield code="c">7244</subfield>
    <subfield code="d">7244</subfield>
  </datafield>
  <datafield tag="952" ind1=" " ind2=" ">
    <subfield code="0">0</subfield>
    <subfield code="1">0</subfield>
    <subfield code="2">ddc</subfield>
    <subfield code="4">0</subfield>
    <subfield code="7">1</subfield>
    <subfield code="8">NFIC</subfield>
    <subfield code="a">DBAD</subfield>
    <subfield code="b">DBAD</subfield>
    <subfield code="d">2008-11-06</subfield>
    <subfield code="g">150.00</subfield>
    <subfield code="l">0</subfield>
    <subfield code="o">841.08 &#x627; &#x645; &#x62A;</subfield>
    <subfield code="p">U-5991</subfield>
    <subfield code="r">2008-09-15 00:00:00</subfield>
    <subfield code="t">1</subfield>
    <subfield code="u">8102</subfield>
    <subfield code="v">150.00</subfield>
    <subfield code="w">2008-09-15</subfield>
    <subfield code="y">UR</subfield>
  </datafield>
</record>
